000 00749cam a2200217 4500
001 WB3603-24
008 000000n2000 000 0 eng u
035 _a(Sirsi) u103695
245 _aInvestment pays off
260 _c2000
490 _aWestern Mail
_v19 January 2000, 5(1)
520 _aDTZ announced yesterday that their pre-tax profits for 1999 were £9.2m, 97% up on their 1998 level. Their chairman, Richard Lay, put the increase down to the expansion of the business and investment in growth.
590 _aWB
650 _aDTZ
650 _aRESULTS
650 _aPROPERTY ADVISORS
650 _aFINANCIAL RESULTS
650 _aSURVEYING FIRMS
690 _aMANAGEMENT-BUSINESS MANAGEMENT-PROFESSIONAL PRACTICE
942 _n0
999 _c62271
_d62271